000 00496nam a22001817a 4500
999 _c8199
_d8199
003 GBCCL
005 20241126110645.0
008 190712b ||||| |||| 00| 0 eng d
040 _cgbc
082 _a234.131
_bFOO
100 _aFoot, David Robert Paterson
_914270
245 _aDivine healing in the Scriptures.
260 _aWorthing :
_bWalter,
_c1967.
300 _a79 pages ;
_b19 cm
650 _aHealing in the Bible.
_914271
650 _aSpiritual healing.
_9399
942 _2ddc
_cBK
_01